000 02786nam0a22004811 4500
001 v19\rc\2099238
005 20240329163058.0
035 _a(NLR Aleph) 005280528
090 _a6093597
_c6093597
100 _a20090914d1820 |||y0rusy50 ca
101 1 _arus
_cger
102 _aRU
105 _ay z |||||
200 1 _aМедико-топографическое описание Санктпетербурга, главнаго и столичнаго города Российской Империи.
_fСочинение Генриха Людвига фон Аттенгофера, доктора медицины, в российско-императорской службе надворнаго советника и многих ученых обществ члена.
_gПеревод с немецкаго
210 _aСанктпетербург
_cПечатано при Императорской Академии Наук
_d1820
215 _a[4], XII, 432, [2] с.
_d8° (22 см)
300 _aПер. А.П.Козлов
321 1 _aСК 1801-1825 381
325 _aКопия доступна в Электрон. б-ке РНБ http://vivaldi.nlr.ru/bx000020016/view
327 0 _aПоказание вкратце предметов, описываемых в сей книге (С.IX-XII огл.); Предуведомление от сочинителя (С.I-VIII)
464 0 _12001#$aПоказание вкратце предметов, описываемых в сей книге
_1215##$aС.IX-XII огл.
464 0 _12001#$aПредуведомление от сочинителя
_1215##$aС.I-VIII
700 1 _aАттенгофер
_bГ. Л. фон
_f1785-1838
_gГенрих Людвиг фон
702 1 _aКозлов
_bА. П.
_gАнтон Петрович
_4730
801 0 _aRU
_bNLR
_c20090914
_gpsbo
801 1 _aRU
_bProSoft-M
_c20090914
_2rusmarc
801 2 _aRU
_bNLR
_c20110224
_2rusmarc
852 _aNLR
_j18.3.5.28
852 _aNLR
_j51/808
852 _aNLR
_bМф
_jК1/10299
852 _aNLR
_bРЗФ
_j18 в. 3/28
852 _aNLR
_bРЗФ
_j18 в. 3/28а
852 _aNLR
_bРЗФ
_j18 в. 3/28 Б
856 0 _uhttp://vivaldi.nlr.ru/bx000020016/view
856 1 _uhttp://vivaldi.nlr.ru/bx000020016/cover
856 2 _uhttp://vivaldi.nlr.ru/bx000020016/text
942 _cBOOK
980 _aNB
981 4 3 _a(43) Тематическая подборка Санкт-Петербург
_b(43) Медицина. Здравоохранение
981 3 4 _a(34) Санкт-Петербург
_b(34) Книги о Санкт-Петербурге
981 2 0 _a(20) Книжные памятники РНБ
_b(20) Русский книжный фонд